| 000 | 01782cam a22004214i 4500 | ||
|---|---|---|---|
| 003 | PE-LiUPU | ||
| 005 | 20250731172930.0 | ||
| 008 | s1968 xxu gr 000 0 eng d | ||
| 035 | _a(Sirsi) a204391 | ||
| 040 |
_aPE-LiUPU _bspa _cPE-LiUPU _erda |
||
| 049 | _aPRUA | ||
| 082 | 0 | 4 |
_a291.2 _bK99 _221 |
| 100 | 1 |
_aKuyper, Abraham, _eautor. |
|
| 245 | 1 | 0 |
_aPrinciples of the sacred theology / _cAbraham Kuyper. |
| 264 | 1 |
_aMichigan : _bMarshall, _c1968. |
|
| 300 |
_a487 páginas ; _c20 centímetros. |
||
| 336 |
_atext _2rdacontent |
||
| 337 |
_aunmediated _2rdamedia |
||
| 338 |
_avolume _2rdacarrier |
||
| 505 | 2 | _aTheological encyclopedia -- The name encyclopedia -- The idea of encyclopedia -- The conception of encyclopedia -- The conception of theological encyclopedia -- The organism of science -- The conception of science -- Science impaired by sin -- The twofold develpment of science -- Division of science -- Theology in the organism of science -- The conception of theology -- The fundamental, regulative, and distinctive principle of theology, or principium theologiae -- The method of theology -- The organism of theology -- The history of theology. | |
| 526 | _aSEG42 | ||
| 526 | _aSEG41 | ||
| 526 | _aSEG40 | ||
| 526 | _aSEG39 | ||
| 526 | _aP94 | ||
| 526 | _aP87 | ||
| 526 | _aP86 | ||
| 526 | _aP85 | ||
| 526 | _aP77 | ||
| 526 | _aP76 | ||
| 526 | _aP35 | ||
| 650 | 0 | 4 |
_aTeología _xPrincipios |
| 942 |
_2ddc _cBOOK |
||
| 994 |
_aC0 _bPEPRU |
||
| 596 | _a1 | ||
| 999 |
_a291.2 K99 _wLC _c20752 _i76260 _f2021-11-11 _g4 _lCCODEBUL1 _mBUL _p10.00 _r0 _sY _tBOOK _u2017-6-15 _xTEOLOGIA _PP85 _0DONACION _o.STAFF. Colección Teología _d20752 |
||
| 980 |
_81 _gALBERTO SANCHEZ Responsable de Automatización |
||